[Event "MDA-ch"]
[Site "Kishinev"]
[Date "2021.02.22"]
[Round "3"]
[White "Rascu, Dmitrii"]
[Black "Vorobiov, Vlad"]
[Result "0-1"]
[WhiteElo "1942"]
[BlackElo "1933"]
[PlyCount "78"]
[EventDate "2021.02.20"]
[EventType "swiss"]
[EventRounds "9"]
[EventCountry "MDA"]
[SourceTitle "EXT 2022"]
[Source "ChessBase"]
[SourceDate "2021.10.06"]
[SourceVersion "1"]
[SourceVersionDate "2021.10.06"]
[SourceQuality "1"]

1. d4 g6 2. c4 Bg7 3. Nc3 d6 4. e4 Nc6 5. Be3 e5 6. Nge2 Nh6 7. f3 f5 8. Qd2 Nf7 9. d5 Ne7 10. 0-0-0 0-0 11. Kb1 c5 12. Nc1 Bd7 13. h4 f4 14. Bf2 a6 15. g3 b5 16. cxb5 axb5 17. Bxb5 Bxb5 18. Nxb5 Qb6 19. Nc3 Nd8 20. Rdg1 Nb7 21. Nb3 Na5 22. Nxa5 Qxa5 23. h5 Rfb8 24. hxg6 hxg6 25. Be1 Rb4 26. Kc2 Rd4 27. Qe2 c4 28. a3 Rd3 29. Rh2 Qb6 30. Rgh1 Rb8 31. Nd1 Rxa3 32. Bc3 Ra1 33. Kd2 fxg3 34. Rh7 Rba8 35. Qg2 Rxd1+ 36. Kxd1 Qe3 37. b4 Qxc3 38. Qxg3 Ra1+ 39. Ke2 Qc2+ 0-1

[Event "MDA-ch"]
[Site "Kishinev"]
[Date "2021.02.21"]
[Round "2"]
[White "Vorobiov, Vlad"]
[Black "Vedmediuc, Artiom"]
[Result "1/2-1/2"]
[WhiteElo "1933"]
[BlackElo "1639"]
[PlyCount "67"]
[EventDate "2021.02.20"]
[EventType "swiss"]
[EventRounds "9"]
[EventCountry "MDA"]
[SourceTitle "EXT 2022"]
[Source "ChessBase"]
[SourceDate "2021.10.06"]
[SourceVersion "1"]
[SourceVersionDate "2021.10.06"]
[SourceQuality "1"]

1. e4 c5 2. Nf3 e6 3. Nc3 Nc6 4. Bb5 Nge7 5. 0-0 a6 6. Bxc6 Nxc6 7. d4 cxd4 8. Nxd4 Qc7 9. Re1 d6 10. Nxc6 bxc6 11. Bf4 g6 12. Qd2 h5 13. h4 Be7 14. Rad1 e5 15. Bg5 f6 16. Be3 Be6 17. b3 Kf7 18. Na4 Rhg8 19. Qe2 Qb7 20. f4 Rad8 21. Qf2 Kg7 22. c4 Rgf8 23. Qg3 Kh7 24. Rd3 Bg4 25. Rc1 f5 26. fxe5 fxe4 27. Rd2 d5 28. cxd5 cxd5 29. Rdc2 Rc8 30. Rxc8 Rxc8 31. Qf4 Rxc1+ 32. Bxc1 Bxh4 33. Qh6+ Kg8 34. Qxg6+ 1/2-1/2

[Event "World ol U16"]
[Site "Corum"]
[Date "2019.10.30"]
[Round "3.16"]
[White "Vorobiov, Vlad"]
[Black "Tengis, Tsogochir"]
[Result "0-1"]
[WhiteElo "2029"]
[BlackElo "2111"]
[PlyCount "96"]
[EventDate "2019.10.29"]
[EventType "team-swiss"]
[EventRounds "9"]
[EventCountry "TUR"]
[SourceTitle "CBM 192 Extra"]
[Source "Chessbase"]
[SourceDate "2019.11.06"]
[SourceVersion "1"]
[SourceVersionDate "2019.11.06"]
[SourceQuality "1"]
[WhiteTeam "Moldova"]
[BlackTeam "Mongolia"]
[WhiteTeamCountry "MDA"]
[BlackTeamCountry "MGL"]

1. e4 e5 2. Nf3 Nc6 3. Bb5 Nf6 4. d3 Bc5 5. 0-0 d6 6. Qe2 0-0 7. c3 a6 8. Bxc6 bxc6 9. b4 Ba7 10. a4 Re8 11. Nbd2 Bg4 12. Nb3 Qd7 13. Rd1 Rad8 14. Na5 Bxf3 15. Qxf3 d5 16. Bg5 Qe6 17. h3 Bb6 18. Rab1 Bxa5 19. Bxf6 Qxf6 20. Qxf6 gxf6 21. bxa5 Kf8 22. f3 Rb8 23. Kf2 Ke7 24. Ke2 h5 25. Kf2 h4 26. g3 hxg3+ 27. Kxg3 f5 28. h4 Kf6 29. Kh3 Rbc8 30. Rg1 Rh8 31. Rg5 dxe4 32. dxe4 f4 33. Rbg1 Ke6 34. Rd1 Rb8 35. h5 f6 36. Rf5 Rbg8 37. Rf1 Rg3+ 38. Kh2 Kf7 39. Rf2 Rhg8 40. c4 c5 41. h6 Kg6 42. Rg2 Rxg2+ 43. Kxg2 Kxh6+ 44. Kh3 Rg3+ 45. Kh4 Kg7 46. Rh5 Rxf3 47. Rf5 Rg3 48. Rh5 Rg5 0-1